LEADER 00895cam0-22003251i-450- 001 990002706600403321 005 20051021100547.0 010 $a0-13-759951-X 035 $a000270660 035 $aFED01000270660 035 $a(Aleph)000270660FED01 035 $a000270660 100 $a20030910d1973----km-y0itay50------ba 101 0 $aeng 102 $aUS 200 1 $aReadings in managerial economics$fedited by Kristian S. Palda 210 $aEnglewood Cliffs (N.J.)$cPrentice-Hall$d1973 215 $aX, 320 p.$cill.$d25 cm 610 0 $aImprese$aGestione 676 $aH/2.13 702 1$aPalda,$bKristian S. 801 0$aIT$bUNINA$gRICA$2UNIMARC 901 $aBK 912 $a990002706600403321 952 $a9-6-12-BIS$bs.i.$fECA 952 $aH/2.13 REA/73$b5782/I$fSES 959 $aECA 959 $aSES 996 $aReadings in managerial economics$9426787 997 $aUNINA LEADER 01056nam0 2200373 450 001 990009425350403321 005 20221117123746.0 010 $a041212050X$bhardback 035 $a000942535 035 $aFED01000942535 035 $a(Aleph)000942535FED01 035 $a000942535 100 $a20161109d1973----km y0itay50 ba 101 0 $aeng 102 $aGB 105 $aa 001yy 200 1 $aFixation in histochemistry$fedited by P. J. Stoward$gforeword by A. G. E. Pearse 210 $aLondon$cChapman and Hall$dc1973 215 $aXIII, 201 p.$cill.$d25 cm 610 0 $aIstochimica 610 0 $aFissazione in istochimica 676 $a578.9$v18$zita 676 $a572$v22$zita 702 1$aStoward,$bPeter John 702 1$aPearse,$bAnthony Guy Everson 801 0$aIT$bUNINA$gRICA$2UNIMARC 901 $aBK 912 $a990009425350403321 952 $aIIIf C 62$b8690$fDMVSF 952 $aCISME-572-STO-1$b532$FSC1 959 $aDMVSF 959 $aSC1 996 $aFixation in histochemistry$9759081 997 $aUNINA LEADER 02865nam0 2200625 i 450 001 VAN0124986 005 20230630112652.964 017 70$2N$a9783030004491 100 $a20191029d2018 |0itac50 ba 101 $aeng 102 $aCH 105 $a|||| ||||| 200 1 $aSemilinear Evolution Equations and Their Applications$fToka Diagana 210 $aCham$cSpringer$d2018 215 $axx, 189 p.$d24 cm 500 1$3VAN0236484$aSemilinear Evolution Equations and Their Applications$91563755 606 $a35-XX$xPartial differential equations [MSC 2020]$3VANC019763$2MF 606 $a34-XX$xOrdinary differential equations [MSC 2020]$3VANC021251$2MF 606 $a45Jxx$xIntegro-ordinary differential equations [MSC 2020]$3VANC022604$2MF 606 $a34C27$xAlmost and pseudo-almost periodic solutions to ordinary differential equation [MSC 2020]$3VANC024242$2MF 606 $a34G20$xNonlinear differential equations in abstract spaces [MSC 2020]$3VANC024637$2MF 606 $a39-XX$xDifference and functional equations [MSC 2020]$3VANC029242$2MF 606 $a34K14$xAlmost and pseudo-periodic solutions to functional-differential equations [MSC 2020]$3VANC029263$2MF 606 $a34A08$xFractional ordinary differential equations and fractional differential inclusions [MSC 2020]$3VANC031468$2MF 610 $aBanach fixed-point theorem$9KW:K 610 $aBanach spaces$9KW:K 610 $aBeverton-Holt$9KW:K 610 $aDegenerate evolution equation$9KW:K 610 $aDifference equations$9KW:K 610 $aDumping$9KW:K 610 $aExponentially stable$9KW:K 610 $aFractional differential equation$9KW:K 610 $aGeneralized solutions$9KW:K 610 $aHeat equations$9KW:K 610 $aHilbert Space$9KW:K 610 $aMild solution$9KW:K 610 $aResolvent$9KW:K 610 $aSchauder fixed point theorem$9KW:K 610 $aSemigroup of operators$9KW:K 610 $aSemilinear equation$9KW:K 610 $aSingular difference equation$9KW:K 610 $aSobolev spaces$9KW:K 610 $aStrong solution$9KW:K 610 $aWeak solutions$9KW:K 620 $aCH$dCham$3VANL001889 700 1$aDiagana$bToka$3VANV089079$0756010 712 $aSpringer $3VANV108073$4650 801 $aIT$bSOL$c20240614$gRICA 856 4 $uhttp://doi.org/10.1007/978-3-030-00449-1$zE-book ? Accesso al full-text attraverso riconoscimento IP di Ateneo, proxy e/o Shibboleth 899 $aBIBLIOTECA DEL DIPARTIMENTO DI MATEMATICA E FISICA$1IT-CE0120$2VAN08 912 $fN 912 $aVAN0124986 950 $aBIBLIOTECA DEL DIPARTIMENTO DI MATEMATICA E FISICA$d08CONS e-book 1360 $e08eMF1360 20191029 996 $aSemilinear Evolution Equations and Their Applications$91563755 997 $aUNICAMPANIA